logo

Bir Sreshtho Munshi Abdur Rouf Library
Jhenaidah Cadet College

Conceptual tools for teaching in secondary schools / (Record no. 7517)

MARC details
000 -LEADER
fixed length control field 00755cam a2200253 4500
001 - CONTROL NUMBER
JCCL Control Number 7517
003 - CONTROL NUMBER IDENTIFIER
JCCL marc code BD-JhCC
005 - DATE AND TIME OF LATEST TRANSACTION
control field 20181006105126.0
008 - FIXED-LENGTH DATA ELEMENTS--GENERAL INFORMATION
fixed length control field 700826s1970 maua b 001 0 eng
035 ## - SYSTEM CONTROL NUMBER
system control number (BD-JhCC)7517
040 ## - CATALOGING SOURCE
Original cataloging agency DLC
Transcribing agency DLC
Modifying agency DLC
-- BD-JhCC
041 ## - LANGUAGE CODE
Language code of Book eng
050 00 - LIBRARY OF CONGRESS CALL NUMBER
Classification number LB1737.A3
Item number T95
082 00 - DEWEY DECIMAL CLASSIFICATION NUMBER
Classification number 373.1/3
Author mark and Year TYS 1970
100 1# - MAIN ENTRY--PERSONAL NAME
Personal name Tyson, James Carroll.
245 10 - TITLE STATEMENT
Title Conceptual tools for teaching in secondary schools /
Statement of responsibility, etc [by] James C. Tyson [and] Mary Ann Carroll.
260 ## - PUBLICATION, DISTRIBUTION, ETC. (IMPRINT)
Place of publication, distribution, etc Boston,
Name of publisher, distributor, etc Houghton Mifflin
Date of publication, distribution, etc [1970]
300 ## - PHYSICAL DESCRIPTION
Pagination vii, 321 p.
Other physical details illus.
Dimensions 25 cm.
504 ## - BIBLIOGRAPHY, ETC. NOTE
Bibliography, etc Bibliography: p. 313-315.
650 #0 - SUBJECT ADDED ENTRY--TOPICAL TERM
Topical term or geographic name as entry element High school teaching.
700 1# - ADDED ENTRY--PERSONAL NAME
Personal name Carroll, Mary Ann,
Dates associated with a name 1947-
942 ## - ADDED ENTRY ELEMENTS (KOHA)
Source of classification or shelving scheme Dewey Decimal Classification
Koha item type Books
Holdings
Source of classification or shelving scheme Damaged status Not for loan Home library Current library Shelving location Total Checkouts Full call number Barcode Date last seen Copy number Koha item type
Dewey Decimal Classification     JCC Rouf Library JCC Rouf Library General Stacks   373.1/3 TYS 1970 895 02/11/2018 C - 1 Books

JCC Library | Contacts | JCC Home

Last Update on 23 September 2017
Copyright @ 2017-2020 JCC Rouf Library
Rouf Library, Jhenidah Cadet College (JCC), Bangladesh